Statistiques concernant Noël par lettre - R

Cliquez ici pour prendre le quiz!

Statistiques générales

  • Ce quiz a été pris 209 fois
  • Le résultat moyen est 8 sur 10

Statistiques - réponses

IndiceRéponse% Correct
Ceux du Père Noël volent et tirent son traineauRennes
100%
Terme désignant tant la soirée du 24 que celle du
31 décembre, dit de Noël ou de la Saint-Sylvestre
Réveillon
97%
Celui de Noël est généralement copieux et sert
de prétexte à des réunions de famille
Repas
94%
Gaspard, Melchior et BalthazarRois mages
93%
On doit en partie l'association de cette couleur
au Père Noël à une célèbre marque de sodas
Rouge
93%
Bande longue et étroite venant souvent orner
les paquets cadeaux
Ruban
92%
Meneur de ces derniers, une chanson lui est
consacrée, mettant en avant la couleur de son nez
Rudolph
78%
Méthode de cuisson à feu vif notamment utilisée
pour la dinde de Noël traditionnelle
Rôtir
74%
Chanteur français internationalement célèbre
pour son hit noëlesque Petit Papa Noël
Tino Rossi
61%
Période de développement technologique et
économique au XIXème en Europe siècle qui vit
l'apparition de la tradition des cadeaux de Noël
Révolution industrielle
55%

Distribution des résultats

Percentile par nombre de réponses

% des personnes avec chaque résultat

Votre développement - résultats

Vous n’avez pas pris ce quiz